| 000 | 01176nam a2200289 i 4500 | ||
|---|---|---|---|
| 001 | 133569 | ||
| 003 | ES-MaACL | ||
| 005 | 20250815134817.0 | ||
| 007 | t| | ||
| 008 | 070821s1981 fr a |||| | fre d | ||
| 020 | _a2-7118-0181 | ||
| 080 | _a069.538:75.034.7/.8(443.61 P.) | ||
| 245 | 0 | 3 |
_aLa galerie espagnole de Louis-Philippe au Louvre, 1838-1848 / _cpar Jeannine Baticle et Cristina Marinas ; avec le concours de Claudie Ressort et Chantal Perrier. |
| 260 |
_aParis : _bÉditions de la Réunion des musées nationaux, _c1981. |
||
| 300 |
_a308 p. : _bil. ; _c24 cm. |
||
| 490 | 1 |
_aNotes et documents des musées de France ; _v4 |
|
| 500 | _aBibliografía: p. 303-308. Índices. | ||
| 600 | 0 | 4 |
_aLuis Felipe _bI _cRey de Francia- _xColecciones de arte. _9162000 |
| 650 | 4 |
_aPintura española- _zMusée du Louvre _916038 |
|
| 700 | 1 |
_aBaticle, Jeannine. _926422 |
|
| 700 | 1 |
_aMarinas, Cristina. _976829 |
|
| 700 | 1 |
_aRessort, Claudie. _996336 |
|
| 700 | 1 |
_aPerrier, Chantal. _991350 |
|
| 830 | 0 |
_aNotes et documents des musées de France ; _v4 _9219756 |
|
| 852 |
_aES-MaACL _jE-11990 _z. - Biblioteca Jacinto Martínez Lacalle |
||
| 999 |
_c133569 _d133569 |
||